Follow Me II More on the Human Element in Leadership (Record no. 377)
[ view plain ]
| 000 -LEADER | |
|---|---|
| fixed length control field | 00397 a2200109 4500 |
| 020 ## - INTERNATIONAL STANDARD BOOK NUMBER | |
| International Standard Book Number | 8170622468 |
| 082 ## - DEWEY DECIMAL CLASSIFICATION NUMBER | |
| Classification number | 355.33041 NEW |
| 100 ## - MAIN ENTRY--PERSONAL NAME | |
| Personal name | Newman, Maj. Gen. Aubrey S. "Red" |
| 245 ## - TITLE STATEMENT | |
| Title | Follow Me II More on the Human Element in Leadership |
| Statement of responsibility, etc. | Maj. Gen. Aubrey S. "Red" Newman |
| 260 ## - PUBLICATION, DISTRIBUTION, ETC. | |
| Place of publication, distribution, etc. | islamabad : |
| Name of publisher, distributor, etc. | Service Book Club, |
| Date of publication, distribution, etc. | 1994 |
| 300 ## - PHYSICAL DESCRIPTION | |
| Extent | xii, 267p. : |
| Other physical details | ill ., pics., ; |
| Dimensions | 21 cm |
| 650 ## - SUBJECT ADDED ENTRY--TOPICAL TERM | |
| Topical term or geographic name entry element | Military Leadership -- Human Element |
| Withdrawn status | Lost status | Damaged status | Not for loan | Permanent Location | Current Location | Shelving location | Date acquired | Total Checkouts | Full call number | Barcode | Date last seen | Price effective from | Koha item type |
|---|---|---|---|---|---|---|---|---|---|---|---|---|---|
| School of Civil and Environmental Engineering (SCEE) | School of Civil and Environmental Engineering (SCEE) | 12/22/2009 | 355.33041 NEW | NIT-6734 | 01/05/2017 | 01/05/2017 | Book |
